000 00878nam a2200265 i 4500
005 20260422103548.0
008 260422t20252025my dr 000 f may d
020 _a9786297687810
_cRM12.00
_qpaperback
040 _aPPAK
_beng
_cPPAK
_erda
082 0 4 _a899.2333
_223
090 0 0 _a899.2333
_bHAR
_dG
100 0 _aHaryani Kamilan,
_eauthor.
245 1 0 _aORIENTASI ASRAMA :
_bADA YANG MEMERHATI /
_cHARYANI KAMILAN ; Suntingan & Susun Atur Mazlia Murat
264 1 _aBandar Baru Nilai, Negeri Sembilan :
_bBlank BOOK,
_c2025
264 4 _c©2025
300 _a126 pages ;
_c19 cm
336 _atext
_2rdacontent
337 _aunmediated
_2rdamedia
338 _avolume
_2rdacarrier
650 1 0 _aYoung adult fiction, Malay.
650 2 0 _aMalay fiction.
650 2 4 _aMalaysian fiction (Malay).
700 0 _aMazlia Murat,
_eeditor.
942 _2ddc
_cB
999 _c203971
_d203971